Jesuita Nodosus Resolutus. Hoc Est, Disputationis Cujusdam Jesuiticae, cui titulus Nodus Gordius

Bibliographic Details
Main Author: Doner, Johann, 1540-1606 (Author)
Corporate Author: Weidner, Johann (Jena, Nemecko) (Printer)
Other Authors: Grawer, Albert, 1575-1617 (Author of introduction, etc.)
Format: Book
Language:Latin
PhysicalDescription:[24], 152 strán 20 cm
Published: Jenae Typis Johannis Weidneri Anno MDCXIV. [=1614]
Subjects:

MARC

LEADER 00000nam a2200000 a 4500
001 vtls011744657
003 SK-MaSNL
005 20260301044649.0
008 251112s1614 gw 000 0 lat
015 |a SNBHFA1614 
035 |a urn:nbn:sk:snk-am00dyis 
035 |a urn:nbn:sk:snk-am3i9j0 
035 |a BA7AE9F2-8649-4CFD-A505-00CA14BDC3B6 
040 |a SNKHF  |b slo  |c SNK  |e AACR2 
041 0 |a lat 
044 |a gw  |c DE 
072 7 |a 2  |x Náboženstvo  |2 konspekt 
080 |a 21/29-1/-9  |2 2011 
080 |a 2-1  |2 2011 
080 |a 27-789.5  |2 2011 
100 1 |a Doner, Johann,  |d 1540-1606  |4 aut  |9 351446 
245 1 0 |a Jesuita Nodosus Resolutus. Hoc Est, Disputationis Cujusdam Jesuiticae, cui titulus Nodus Gordius  |c Authore M. Johanne Donnero 
260 |a Jenae  |b Typis Johannis Weidneri  |c Anno MDCXIV. [=1614] 
300 |a [24], 152 strán  |c 20 cm 
500 |a Titulný list je ornanemtálnom ráme, ozdobné iniciálky na 5 riadkov, kustódy, živé záhlavie 
501 |a Príväzok 8. k: TARNOW, Paul. Pauli Tarnovii, D. Et S. S. Theologiae In Academia Rostochiensi professoris, De Sacro-Sancta Trinitate, liber unus: Oppositus Favsti Soconi refutationi. Rostochi: Sumptibus Johannis Hallervordij, M D CXXV. [=1625].  |5 SNK IC 143974 
508 |a Dedikácia: Domini Philippi Ludovici, Comiti Palatino ad Rhenum 
546 |a Latinčina  |b Antikva  |b Kurzíva 
561 |a Z knižnice Učenej spoločnosti malohontskej.  |5 SNK IC 143974/prív.8 
650 0 7 |a teológia  |2 SNKPH  |9 1814 
650 0 7 |a jezuiti  |2 SNKPH  |9 78567 
700 0 |a Filip Ľudovít  |c neuburský gróf,  |d 1547-1614  |4 hnr  |9 351447 
700 1 |a Grawer, Albert,  |d 1575-1617  |4 aui  |9 130914 
700 1 |a Reuden, Ambrosius,  |d 1543-1615  |4 oth  |9 351448 
700 1 |a Major, Johann  |4 oth  |9 351449 
700 1 |a Heider, Wolfgang,  |d 1558-1626  |4 oth  |9 351450 
700 1 |a Sagittarius, Thomas  |4 oth  |9 351451 
700 1 |a Plank, Johann,  |d 1567-1629  |4 oth  |9 351452 
700 1 |a Brenner, Jacob  |4 oth  |9 351453 
700 1 |a Knüttel, Georg  |4 oth  |9 351454 
700 1 |a Hiller, Wolfgang,  |d 1562-1629  |4 oth  |9 351455 
700 1 |a Höflich, Christoph,  |d 1589-1630  |4 oth  |9 351456 
710 2 |a Učená spoločnosť malohontská  |4 fmo  |9 205374 
710 0 |a Weidner, Johann (Jena, Nemecko),  |d 1605-1625  |4 prt  |9 351457 
752 |a Nemecko  |d Jena 
852 |a snk  |b Historické fondy  |p IC 143974/prív.8 
958 |a ONDV 
999 |c 596513  |d 598443 
952 |t MHC II.B.e.XVII  |a SNK  |b SNK  |c SNK_HF  |y PREZ  |7 0  |p 17A1299898  |o snkIC 143974/prív.8  |i snk2018/5401  |8 5  |0 0  |1 0  |4 0  |d 2018-03-05  |f 1  |l 0  |r 2026-02-23 15:41:48  |w 2026-02-23